00434nam a22001457a 4500020001500000082001200015100003000027245002300057260003600080300000800116650001900124942000700143952012100150999001700271 a0961319141 a954 AZA a Azad, Maulana Abul Kalam aIndia Wins Freedom aHyderabadbOrient Longmanc1989 a283 aHistory-Indian cBK 001040708NFICaHMIbHMIcGENd2022-06-22eDr. Andreas Collectionl0o954 AZAp11-4600r2026-01-16w2026-01-16yBK c23236d23236